Hellsing Characters - Statistics

General Stats
  • This quiz has been taken 3 times
  • The average score is 12 of 22
Answer Stats
Answer % Correct
Alexander Anderson
100%
Alucard / Vlad Dracula
100%
Enrico Maxwell
100%
Integra F.W. Hellsing
100%
Pip Bernadotte
100%
Schrodinger
100%
Seras Victoria
100%
The Major
100%
Doc
50%
Heinkel Wolfe
50%
Rip Van Winkle
50%
The Captain
50%
Tubalcain Alhambra
50%
Yumie / Yumiko Tagaki
50%
Zorin Blitz
50%
Jan Valentine
0%
Luke Valentine
0%
Makube
0%
Richard Hellsing
0%
Rob Walsh
0%
Shelby M. Penwood
0%
Sir Hugh Irons
0%
No matching quizzes found
Score Distribution
Percent of People with Each Score
Percentile by Number Answered
Your Score History
You have not taken this quiz